000 00365nam a2200121Ia 4500
008 220615s9999||||xx |||||||||||||| ||und||
100 _aGeorgios Androutsopoulos
245 0 _aCaesarean Section
546 _aEnglish[eng]
650 _aMedicine||Health Sciences||Obstetrics and Gynecology
856 _uhttps://www.intechopen.com/books/caesarean-section
942 _cEB
999 _c7603
_d7603